Coral reefs / (Record no. 1139)

MARC details
000 -LEADER
fixed length control field 01137cam a2200265 a 4500
005 - DATE AND TIME OF LATEST TRANSACTION
control field 20230803135026.0
040 ## - CATALOGING SOURCE
Original cataloging agency DLC
Transcribing agency DLC
Language of cataloging eng
050 00 - LIBRARY OF CONGRESS CALL NUMBER
Classification number QH541.5.C7
Item number G53 2007
082 00 - DEWEY DECIMAL CLASSIFICATION NUMBER
Classification number 577.7/89
Edition number 22
100 1# - MAIN ENTRY--PERSONAL NAME
Personal name Gibbons, Gail.
245 10 - TITLE STATEMENT
Title Coral reefs /
Statement of responsibility, etc. by Gail Gibbons.
250 ## - EDITION STATEMENT
Edition statement 1st ed.
260 ## - PUBLICATION, DISTRIBUTION, ETC.
Place of publication, distribution, etc. New York :
Name of publisher, distributor, etc. Holiday House,
Date of publication, distribution, etc. 2007.
300 ## - PHYSICAL DESCRIPTION
Extent 32 pages :
Other physical details cololor illustrations ;
Dimensions 25 x 29 cm.
505 ## - FORMATTED CONTENTS NOTE
Formatted contents note Q
520 ## - SUMMARY, ETC.
Summary, etc. Marine biologists believe coral reefs existed 400 million years ago, when dinosaurs roamed the earth. Today this active environment is home to about 20,000 kinds of brilliantly coloured corals, plants, and animals-more sea creatures than are found anywhere else in the world. The Great Barrier Reef in Australia is so large that astronauts can see it from outer space...
521 ## - TARGET AUDIENCE NOTE
Target audience note 920 <br/>
Source Lexile
521 ## - TARGET AUDIENCE NOTE
Target audience note Q <br/>
Source Raz-Plus
650 #0 - SUBJECT ADDED ENTRY--TOPICAL TERM
Topical term or geographic name entry element Coral reef ecology
Form subdivision Juvenile literature.
650 #0 - SUBJECT ADDED ENTRY--TOPICAL TERM
Topical term or geographic name entry element Coral reefs and islands
Form subdivision Juvenile literature.
906 ## - LOCAL DATA ELEMENT F, LDF (RLIN)
a 7
b cbc
c orignew
d 1
e ecip
f 20
g y-gencatlg
942 ## - ADDED ENTRY ELEMENTS (KOHA)
Source of classification or shelving scheme Dewey Decimal Classification
Koha item type Books
Suppress in OPAC No
999 ## -
-- 1139
-- 1139
Holdings
Withdrawn status Lost status Source of classification or shelving scheme Damaged status Not for loan Collection Home library Current library Shelving location Date acquired Total Checkouts Full call number Barcode Date last seen Date last checked out Price effective from Koha item type
    Dewey Decimal Classification     Non-Fiction Footprints International School Library Network Toul Kork Campus Footprints International School Library Network Toul Kork Campus A TK Campus, 4th Floor, Room B401, Non-Fiction Bookcases(7-8) 08/03/2023 1 GIB 577.789 QH541.C7 2023-0174 10/04/2023 10/04/2023 08/03/2023 Books